Normal view
MARC view
- Empleados
Entry Materia
001 - NÚMERO DE CONTROL DEL REGISTRO
- campo de control: 50718
003 - IDENTIFICADOR DE NUMERO DE CONTROL
- campo de control: MX-MxUPN
005 - FECHA Y HORA DE LA ÚLTIMA TRANSACCIÓN
- campo de control: 20240104095632.0
008 - DATOS DE LONGITUD FIJA
- campo de control de longitud fija: 240104dn fcannbabd n a|a d
040 ## - FUENTE DE LA CATALOGACIÓN
- Centro catalogador de origen: MX-MxUPN
- Lengua de catalogación: spa
150 ## - ENCABEZAMIENTO - TEMÁTICO
- Término de materia o nombre geográfico como elemento inicial: Empleados
- Subdivisión de materia general: Capacitación
- Subdivisión geográfica: Uruguay
670 ## - FUENTE EN LA QUE SE LOCALIZARON DATOS
- Cita de la fuente: Autoridades BGTQ, 4 enero 2024 :
- Información localizada: (Empleados -- Capacitación -- América Latina) (Educación -- Uruguay)
902 ## - CATALOGADOR
- Catalogador: VíctorGodínez/040123
